Business in contemporary society

Đã lưu trong:
书目详细资料
主要作者: Fontainilles, A.
格式: 图书
语言:Undetermined
出版: Paris Classiques Hachette 1970
主题:
标签: 添加标签
没有标签, 成为第一个标记此记录!
Thư viện lưu trữ: Trung tâm Học liệu Trường Đại học Cần Thơ
LEADER 00536nam a2200205Ia 4500
001 CTU_86246
008 210402s9999 xx 000 0 und d
082 |a 301.5 
082 |b F681 
100 |a Fontainilles, A. 
245 0 |a Business in contemporary society 
245 0 |c A. Fontainilles, M. Poussard 
260 |a Paris 
260 |b Classiques Hachette 
260 |c 1970 
650 |a Industries 
650 |x Social aspects 
650 |z France 
904 |i Năm 
980 |a Trung tâm Học liệu Trường Đại học Cần Thơ